| 000 | 01140nam a22003497a 4500 | ||
|---|---|---|---|
| 001 | 200460336 | ||
| 003 | TR-AnTOB | ||
| 005 | 20240527081517.0 | ||
| 008 | 240527b tu ||||| |||| 00| 0 tur d | ||
| 020 | _a9789756227923 | ||
| 040 |
_aTR-AnTOB _beng _cTR-AnTOB _erda |
||
| 041 | 1 |
_atur _heng |
|
| 092 |
_a808.0683283 _bLEG 2022 |
||
| 099 | _a2011 AD 19983 | ||
| 100 | 1 |
_aLe Guin, Ursula K., _d1929- |
|
| 245 | 1 | 0 |
_aYeni arkadaş / _cUrsula K. Le Guin ; resimleyen: S. D.Schindler ; Türkçesi: Naz Beykan. |
| 250 | _a11. bsk. | ||
| 260 |
_aİstanbul : _bGünışığı Kitaplığı, _c2022. |
||
| 300 |
_a48 Pages. : _bill. ; _c20 cm. |
||
| 336 |
_atext _btxt _2rdacontent |
||
| 337 |
_aunmediated _bn _2rdamedia |
||
| 338 |
_avolume _bnc _2rdacarrier |
||
| 490 | 0 |
_aKanatlı kediler masalı ; _v3 |
|
| 500 | _aÖzgün eseradı: Wonderful Alexander and the catwings | ||
| 546 | _aMetin Türkçe, İngilizce'den çeviri | ||
| 650 | 4 | _aÇocuk hikâyeleri, Amerikan | |
| 700 | 1 |
_aSchindler, S.D., _eres. |
|
| 700 | 1 |
_aBeykan, Naz, _eçev. |
|
| 942 |
_2ddc _cBK |
||
| 999 |
_c200460336 _d78548 |
||